Vplyv tímových organizačných štruktúr na efektívnosť podniku bakalárska práca

Uložené v:
Podrobná bibliografia
Hlavný autor: Pastirik, Viktor
Korporativný autor: Podnikovohospodárska fakulta EU so sídlom v Košiciach. Katedra hospodárskej informatiky a matematiky
Ďalší autori: Hajduová, Zuzana, 1974-
Médium: Kniha
Jazyk:Slovak
Vydavateľské údaje: Košice 2011
Tagy: Pridať tag
Žiadne tagy, Buďte prvý, kto otaguje tento záznam!

MARC

LEADER 00000nbm a2200000 4500
001 0139516
005 20161109111626.2
041 0 |a slo 
044 |a SK 
245 1 0 |a Vplyv tímových organizačných štruktúr na efektívnosť podniku  |b bakalárska práca  |c Viktor Pastirik ; školiteľ: Zuzana Hajduová 
264 1 |a Košice  |c 2011 
300 |a 43 s. 
100 1 |a Pastirik, Viktor 
700 1 |a Hajduová, Zuzana, 1974- 
710 2 |a Podnikovohospodárska fakulta EU so sídlom v Košiciach. Katedra hospodárskej informatiky a matematiky